<?xml version="1.0" encoding="UTF-8"?>
<collection xmlns="http://www.loc.gov/MARC21/slim">
 <record>
  <leader>02011cam a2200349  a4500</leader>
  <controlfield tag="001">1070506702</controlfield>
  <controlfield tag="003">DE-627</controlfield>
  <controlfield tag="005">20231030115837.0</controlfield>
  <controlfield tag="007">tu</controlfield>
  <controlfield tag="008">850101m19579999xx |||||      00| ||eng c</controlfield>
  <datafield tag="035" ind1=" " ind2=" ">
   <subfield code="a">(DE-627)1070506702</subfield>
  </datafield>
  <datafield tag="035" ind1=" " ind2=" ">
   <subfield code="a">(DE-576)000506702</subfield>
  </datafield>
  <datafield tag="035" ind1=" " ind2=" ">
   <subfield code="a">(DE-599)BSZ000506702</subfield>
  </datafield>
  <datafield tag="035" ind1=" " ind2=" ">
   <subfield code="a">(DE-604)8048939048</subfield>
  </datafield>
  <datafield tag="040" ind1=" " ind2=" ">
   <subfield code="a">DE-627</subfield>
   <subfield code="b">ger</subfield>
   <subfield code="c">DE-627</subfield>
   <subfield code="e">rakwb</subfield>
  </datafield>
  <datafield tag="041" ind1=" " ind2=" ">
   <subfield code="a">eng</subfield>
  </datafield>
  <datafield tag="084" ind1=" " ind2=" ">
   <subfield code="a">9,10</subfield>
   <subfield code="2">ssgn</subfield>
  </datafield>
  <datafield tag="084" ind1=" " ind2=" ">
   <subfield code="a">LH 64840</subfield>
   <subfield code="2">rvk</subfield>
   <subfield code="0">(DE-625)rvk/94509:</subfield>
  </datafield>
  <datafield tag="084" ind1=" " ind2=" ">
   <subfield code="a">NK 8200</subfield>
   <subfield code="2">rvk</subfield>
   <subfield code="0">(DE-625)rvk/126249:</subfield>
  </datafield>
  <datafield tag="100" ind1="1" ind2=" ">
   <subfield code="a">Saxl, Fritz</subfield>
   <subfield code="d">1890-1948</subfield>
   <subfield code="0">(DE-588)118804898</subfield>
   <subfield code="0">(DE-627)133374416</subfield>
   <subfield code="0">(DE-576)162871392</subfield>
   <subfield code="4">aut</subfield>
  </datafield>
  <datafield tag="243" ind1="1" ind2="0">
   <subfield code="a">Sammlung</subfield>
  </datafield>
  <datafield tag="245" ind1="1" ind2="0">
   <subfield code="a">Lectures</subfield>
   <subfield code="c">Fritz Saxl</subfield>
  </datafield>
  <datafield tag="264" ind1=" " ind2="1">
   <subfield code="a">London</subfield>
   <subfield code="b">Warburg inst.</subfield>
   <subfield code="c">1957-</subfield>
  </datafield>
  <datafield tag="336" ind1=" " ind2=" ">
   <subfield code="a">Text</subfield>
   <subfield code="b">txt</subfield>
   <subfield code="2">rdacontent</subfield>
  </datafield>
  <datafield tag="337" ind1=" " ind2=" ">
   <subfield code="a">ohne Hilfsmittel zu benutzen</subfield>
   <subfield code="b">n</subfield>
   <subfield code="2">rdamedia</subfield>
  </datafield>
  <datafield tag="338" ind1=" " ind2=" ">
   <subfield code="a">Band</subfield>
   <subfield code="b">nc</subfield>
   <subfield code="2">rdacarrier</subfield>
  </datafield>
  <datafield tag="787" ind1="0" ind2="8">
   <subfield code="i">Rezensiert in</subfield>
   <subfield code="a">Badt, Kurt, 1890 - 1973</subfield>
   <subfield code="t">[Rezension von: Fritz Saxl, Lectures - D.J. Gordon (Hrsg.), Fritz Saxl, a volume of memorial essays from his friends in England]</subfield>
   <subfield code="d">1960</subfield>
   <subfield code="w">(DE-627)1672834856</subfield>
  </datafield>
  <datafield tag="936" ind1="r" ind2="v">
   <subfield code="a">LH 64840</subfield>
   <subfield code="b">Gesammelte Aufsätze einzelner Kunsthistoriker bzw. Kunstschriftsteller ab Todesjahr 1801</subfield>
   <subfield code="k">Allgemeines. Allgemeine Kunstgeschichte</subfield>
   <subfield code="k">Allgemeine Kunstgeschichte: Quellen</subfield>
   <subfield code="k">Quellenschriften zur gesamten Kunstgeschichte</subfield>
   <subfield code="k">Gesammelte Aufsätze einzelner Kunsthistoriker bzw. Kunstschriftsteller ab Todesjahr 1801</subfield>
   <subfield code="0">(DE-627)1270642251</subfield>
   <subfield code="0">(DE-625)rvk/94509:</subfield>
   <subfield code="0">(DE-576)200642251</subfield>
  </datafield>
  <datafield tag="936" ind1="r" ind2="v">
   <subfield code="a">NK 8200</subfield>
   <subfield code="b">Historiker-Festschriften und Aufsatzsammlungen von Historikern, Allgemeines</subfield>
   <subfield code="k">Weltgeschichte, Darstellungen Allgemeine Geschichte einzelner Staaten und Völker Teilgebiete der Geschichte, Sammelwerke</subfield>
   <subfield code="k">Allgemeine Sammelwerke und Sammelbiografien</subfield>
   <subfield code="k">Historiker-Festschriften und Aufsatzsammlungen von Historikern</subfield>
   <subfield code="k">Historiker-Festschriften und Aufsatzsammlungen von Historikern, Allgemeines</subfield>
   <subfield code="0">(DE-627)1270875841</subfield>
   <subfield code="0">(DE-625)rvk/126249:</subfield>
   <subfield code="0">(DE-576)200875841</subfield>
  </datafield>
  <datafield tag="951" ind1=" " ind2=" ">
   <subfield code="a">MC</subfield>
  </datafield>
  <datafield tag="991" ind1=" " ind2=" ">
   <subfield code="a">Rezensiertes Werk</subfield>
  </datafield>
  <datafield tag="999" ind1=" " ind2=" ">
   <subfield code="a">KXP-PPN1070506702</subfield>
   <subfield code="e">407738687X</subfield>
  </datafield>
 </record>
</collection>
